| 000 | 00538nam a2200205 a 4500 | ||
|---|---|---|---|
| 005 | 20140311163027.0 | ||
| 008 | 090107s19uu xx 00 eng d | ||
| 020 | _a9780070137912 | ||
| 050 |
_aHM 141 _b.K26 2007 |
||
| 100 | _aKehoe, Daniel | ||
| 245 |
_aImproving leadership effectiveness / _cDaniel Kehoe |
||
| 260 |
_aAustralia : _bMcGraw-Hill, _c2007. |
||
| 300 |
_a51 p. : _bill. ; _c24 cm. |
||
| 521 | _aBSBA | ||
| 650 | _aBSBA. | ||
| 650 | _aLeadership. | ||
| 650 | _aLeadership. | ||
| 942 |
_cBK _2lcc _kFOR |
||
| 999 |
_c39576 _d39576 |
||